000 00320nam a22001337a 4500
008 250630b |||||||| |||| 00| 0 eng d
020 _a837121523
050 _aHD891
_b.L67
100 _aMEYER Fortes
245 _aCulture and Human Fertility
260 _aUnited States
_bFrank W.
_c1958
300 _a510p.
942 _cBK
999 _c4019
_d4019